[Event "BRA-ch U2000 Amateurs"]
[Site "Sao Paulo"]
[Date "2022.06.16"]
[Round "2"]
[White "Triebe De Mello, Otto Carlos"]
[Black "Araujo, Barbara Ribeiro"]
[Result "1-0"]
[WhiteElo "1716"]
[BlackElo "1475"]
[PlyCount "77"]
[EventDate "2022.06.16"]
[EventType "swiss"]
[EventRounds "7"]
[EventCountry "BRA"]
[SourceTitle "CBM 208 Extra"]
[Source "ChessBase"]
[SourceDate "2022.07.31"]
[SourceVersion "1"]
[SourceVersionDate "2022.07.31"]
[SourceQuality "1"]

1. e4 c5 2. c3 g6 3. d4 Bg7 4. Nf3 Nf6 5. e5 Nd5 6. Bc4 Nb6 7. Bb3 c4 8. Bc2 0-0 9. 0-0 d6 10. Bf4 Nc6 11. exd6 exd6 12. Re1 Bg4 13. Nbd2 d5 14. h3 Bd7 15. Ne5 Re8 16. Ndf3 Ne7 17. Nxd7 Nxd7 18. Ba4 a6 19. Ne5 b5 20. Bc2 Nf8 21. Qg4 h5 22. Qf3 Ne6 23. Nxf7 Qb6 24. Nd6 Nxf4 25. Nxe8 Nxh3+ 26. Qxh3 Rxe8 27. Qd7 Kf8 28. Re6 Qd8 29. Qxd8 Rxd8 30. Rxa6 b4 31. Re1 bxc3 32. bxc3 Kf7 33. Ra7 Kf6 34. Rexe7 Bh6 35. Re2 Bc1 36. Ra6+ Kg5 37. Rxg6+ Kf4 38. g3+ Kf3 39. Bd1 1-0

[Event "Pocos de Caldas op"]
[Site "Pocos de Caldas"]
[Date "2019.02.08"]
[Round "1"]
[White "Triebe De Mello, Otto Carlos"]
[Black "Piccoli, Lucas Fonseca"]
[Result "1-0"]
[WhiteElo "1728"]
[BlackElo "2058"]
[PlyCount "171"]
[EventDate "2019.02.08"]
[EventType "swiss"]
[EventRounds "6"]
[EventCountry "BRA"]
[SourceTitle "CBM 189 Extra"]
[Source "ChessBase"]
[SourceDate "2019.06.03"]
[SourceVersion "1"]
[SourceVersionDate "2019.06.03"]
[SourceQuality "1"]

1. e4 c6 2. d4 d5 3. exd5 cxd5 4. c4 Nf6 5. Nf3 Nc6 6. Bd3 Be6 7. Na3 dxc4 8. Bxc4 Bxc4 9. Nxc4 e6 10. 0-0 Be7 11. Bf4 0-0 12. Rc1 Qd5 13. a3 Rfd8 14. Be5 Ne8 15. Ne3 Qd7 16. Qb3 Na5 17. Qc3 Qb5 18. d5 f6 19. Nd4 Qa6 20. Bg3 exd5 21. Nef5 Bf8 22. Rfe1 Nc4 23. Ne6 Rd7 24. Nxf8 Kxf8 25. Qb4+ Ncd6 26. Rxe8+ Rxe8 27. Nxd6 Ra8 28. Nf5+ Kg8 29. h4 Qe6 30. Nd4 Qe7 31. Qc3 Re8 32. Nf5 Qe6 33. Nd4 Qg4 34. Re1 Rxe1+ 35. Qxe1 Qe4 36. Qc3 Re7 37. f3 Qe3+ 38. Qxe3 Rxe3 39. Kf1 a6 40. Be1 Kf7 41. Kf2 Re8 42. Bc3 g6 43. g4 Rc8 44. a4 b6 45. a5 b5 46. Nc2 Ke6 47. Ke3 Rc4 48. f4 Re4+ 49. Kf3 Kf7 50. Nb4 Re6 51. Nxd5 f5 52. g5 Rc6 53. Nb4 Re6 54. Be5 Kg8 55. Ke3 h6 56. Kd4 hxg5 57. hxg5 Re8 58. Kc5 Re6 59. Nc6 Re8 60. Kb6 Re6 61. Kc7 Re8 62. Kd7 Rf8 63. Nb4 Kf7 64. Nc6 Kg8 65. Ne7+ Kf7 66. Nd5 Re8 67. Bf6 Re4 68. Be5 Ra4 69. b4 Ra2 70. Kc6 Rd2 71. Nc7 Rc2+ 72. Kb6 Rc4 73. Nxa6 Ke6 74. Kxb5 Re4 75. Nc5+ Kd5 76. Nxe4 fxe4 77. a6 e3 78. a7 Ke4 79. a8Q+ Kd3 80. Qd5+ Ke2 81. Bc3 Kf2 82. f5 gxf5 83. Qxf5+ Ke2 84. Kc4 Kd1 85. Qf1+ Kc2 86. Qe2+ 1-0

[Event "Paulista-ch"]
[Site "Sao Paulo"]
[Date "2018.11.10"]
[Round "4"]
[White "Triebe De Mello, Otto Carlos"]
[Black "Viertler, Sabrina Camargo"]
[Result "1/2-1/2"]
[WhiteElo "1738"]
[BlackElo "1265"]
[PlyCount "49"]
[EventDate "2018.11.09"]
[EventType "swiss"]
[EventRounds "6"]
[EventCountry "BRA"]
[SourceTitle "CBM 187 Extra"]
[Source "ChessBase"]
[SourceDate "2018.11.04"]
[SourceVersion "1"]
[SourceVersionDate "2018.11.04"]
[SourceQuality "1"]

1. e4 e6 2. d4 d5 3. Nd2 dxe4 4. Nxe4 Nd7 5. Nf3 Ngf6 6. Ng3 Bd6 7. Bd3 0-0 8. 0-0 b6 9. Re1 Bb7 10. c4 c5 11. Be3 Rc8 12. Rc1 cxd4 13. Nxd4 Nc5 14. Bb1 Nce4 15. a3 a5 16. Qe2 Qe7 17. Nxe4 Bxe4 18. Bxe4 Nxe4 19. Nb5 Bc5 20. Bxc5 Nxc5 21. Rcd1 Rfd8 22. Nd4 Qc7 23. Nb5 Qe7 24. Nd4 Qc7 25. Nb5 1/2-1/2

[Event "Sao Paulo STD U2200 op 3rd"]
[Site "Sao Paulo"]
[Date "2018.10.14"]
[Round "6"]
[White "Dias, Marcelo de Souza"]
[Black "Triebe De Mello, Otto Carlos"]
[Result "1-0"]
[WhiteElo "1859"]
[BlackElo "1720"]
[PlyCount "109"]
[EventDate "2018.10.12"]
[EventType "swiss"]
[EventRounds "6"]
[EventCountry "BRA"]
[SourceTitle "EXT 2021"]
[Source "ChessBase"]
[SourceDate "2020.10.23"]
[SourceVersion "1"]
[SourceVersionDate "2020.10.23"]
[SourceQuality "1"]

1. e4 e5 2. Nf3 Qe7 3. Bc4 c6 4. Nc3 d6 5. h3 h6 6. 0-0 Nf6 7. d4 Qc7 8. a4 Be7 9. a5 0-0 10. Be3 Nbd7 11. Qd2 Kh7 12. Nh2 b5 13. axb6 Nxb6 14. Bd3 Be6 15. d5 Bd7 16. f4 c5 17. fxe5 dxe5 18. b3 c4 19. bxc4 Nxc4 20. Bxc4 Qxc4 21. Rxa7 Rxa7 22. Bxa7 Bc5+ 23. Bxc5 Qxc5+ 24. Kh1 Qc4 25. Re1 Nh5 26. Nf3 f6 27. Kh2 Rc8 28. Re3 Nf4 29. Ng1 Qd4 30. Qe1 Qb4 31. g3 Ng6 32. Nge2 Bb5 33. Nc1 Ba6 34. Qd2 Rc4 35. N1a2 Qd6 36. Ne2 Ne7 37. c3 f5 38. Nb4 f4 39. gxf4 exf4 40. Rf3 Bb5 41. Qxf4 Qxf4+ 42. Rxf4 Ng6 43. Rf2 Rxe4 44. Nd4 Bd7 45. Nd3 Re3 46. Rf3 Rxf3 47. Nxf3 Bf5 48. Nde5 Kg8 49. Nxg6 Bxg6 50. Kg3 Kf8 51. Kf4 Ke7 52. Ke5 Bd3 53. h4 Be2 54. Nd4 Bg4 55. Nf5+ 1-0

[Event "Sao Paulo Salles Cup 12th"]
[Site "Sao Paulo"]
[Date "2018.04.22"]
[Round "5"]
[White "Melo, Sergio Roberto Samp"]
[Black "Triebe De Mello, Otto Carlos"]
[Result "1-0"]
[WhiteElo "1718"]
[BlackElo "1725"]
[PlyCount "123"]
[EventDate "2018.04.20"]
[EventType "swiss"]
[EventRounds "6"]
[EventCountry "BRA"]
[SourceTitle "CBM 184 Extra"]
[Source "ChessBase"]
[SourceDate "2018.06.28"]
[SourceVersion "1"]
[SourceVersionDate "2018.06.28"]
[SourceQuality "1"]

1. Nf3 c5 2. b3 Nc6 3. Bb2 Nf6 4. c4 d6 5. g3 g6 6. Bg2 Bg7 7. 0-0 0-0 8. Nc3 Bd7 9. e3 e5 10. d3 a6 11. Ng5 Rb8 12. Nge4 Nxe4 13. Nxe4 Be6 14. Nc3 Ne7 15. e4 Qd7 16. Rb1 Bh3 17. a3 Bxg2 18. Kxg2 f5 19. f3 f4 20. b4 b6 21. b5 a5 22. Bc1 g5 23. Rh1 Ng6 24. Nd5 g4 25. fxg4 f3+ 26. Kf2 Qxg4 27. h3 Qe6 28. Ne3 Ne7 29. g4 Bf6 30. Nf5 Ng6 31. Qxf3 Bh4+ 32. Kg2 Be1 33. Qe2 Bc3 34. Bg5 Nf4+ 35. Bxf4 exf4 36. Kf3 Be5 37. Qf2 Rb7 38. a4 Rf6 39. Rbg1 Rg6 40. Qh4 Bf6 41. Qe1 Qe5 42. Qd2 Bg5 43. h4 Bh6 44. g5 Bf8 45. h5 Re6 46. g6 h6 47. Rg4 Rd7 48. Rxf4 Rf6 49. Rg1 d5 50. cxd5 Rxf5 51. Rxf5 Qd4 52. Rf1 Bg7 53. Kg2 c4 54. Qf2 Qxf2+ 55. R1xf2 c3 56. Rf7 Rd8 57. Rc2 Bd4 58. Kf3 Rc8 59. Kf4 Bf2 60. e5 Be1 61. Ke4 Re8 62. d6 1-0

[Event "Sao Paulo Schutt op 14th"]
[Site "Sao Paulo"]
[Date "2017.09.16"]
[Round "4"]
[White "Triebe De Mello, Otto Carlos"]
[Black "Da Rosa, Henrique Jaze Simoe"]
[Result "0-1"]
[WhiteElo "1750"]
[BlackElo "1403"]
[PlyCount "68"]
[EventDate "2017.09.15"]
[EventType "swiss"]
[EventRounds "6"]
[EventCountry "BRA"]
[SourceTitle "CBM 180 Extra"]
[Source "ChessBase"]
[SourceDate "2017.10.06"]
[SourceVersion "1"]
[SourceVersionDate "2017.10.06"]
[SourceQuality "1"]

1. e4 e5 2. Nf3 Nc6 3. Bc4 Nf6 4. Nc3 Be7 5. d3 0-0 6. a3 d6 7. h3 Be6 8. Nd5 Qd7 9. Ng5 Bxd5 10. exd5 Nd4 11. c3 Nf5 12. 0-0 c6 13. dxc6 Qxc6 14. Ba2 Nh4 15. f3 Qb6+ 16. Kh2 d5 17. Qe1 Ng6 18. h4 Qd6 19. Kh1 h6 20. Nh3 Nh5 21. g3 e4 22. f4 exd3 23. Qf2 Qe6 24. Kh2 Qe2 25. Qxe2 dxe2 26. Re1 Nxg3 27. Bxd5 Bxh4 28. Nf2 Nf1+ 29. Kg2 Rae8 30. Bf3 Ne3+ 31. Bxe3 Rxe3 32. Bxe2 Nxf4+ 33. Kf1 Bxf2 34. Kxf2 Rfe8 0-1